Catálogo

GESTION DE SERIVICIOS : (Registro nro. 9746)

Detalles MARC
000 -LEADER
fixed length control field 00475nam a2200157 a 4500
001 - CONTROL NUMBER
control field 9746
005 - DATE AND TIME OF LATEST TRANSACTION
control field 20180713193752.0
008 - FIXED-LENGTH DATA ELEMENTS--GENERAL INFORMATION
fixed length control field 140415s1991 000 0 spa d
041 ## - LANGUAGE CODE
Language code of text/sound track or separate title spa
082 ## - DEWEY DECIMAL CLASSIFICATION NUMBER
Classification number 658.812
Item number SHA
100 1# - MAIN ENTRY--PERSONAL NAME
Personal name SHAW, JOHN C.
245 10 - TITLE STATEMENT
Title GESTION DE SERIVICIOS :
Remainder of title LA CONSECUCION DEL EXITO EN EMPRESAS DE SERVICIOS MED...
260 ## - PUBLICATION, DISTRIBUTION, ETC.
Place of publication, distribution, etc. [s.l.] :
Name of publisher, distributor, etc. EDICIONES DIAZ DE SANTOS,
Date of publication, distribution, etc. 1991
300 ## - PHYSICAL DESCRIPTION
Extent 255
650 14 - SUBJECT ADDED ENTRY--TOPICAL TERM
Topical term or geographic name entry element MERCADEO
General subdivision SERVICIO AL CLIENTE
Existencias
Withdrawn status Lost status Source of classification or shelving scheme Damaged status Not for loan Collection code Home library Current library Shelving location Date acquired Source of acquisition Inventory number Total Checkouts Full call number Barcode Date last seen Date last checked out Price effective from Koha item type
    Dewey Decimal Classification     General Biblioteca Karol Wojtyla Biblioteca Karol Wojtyla Sala general 03/12/2013 Compra 151000000000000000029729   658.812 SHA 26645 05/01/2026 31/03/2017 03/12/2013 Libro
  No inventariado Dewey Decimal Classification       Biblioteca Karol Wojtyla Biblioteca Karol Wojtyla   03/12/2013 Compra     658.812 SHA 24207     03/12/2013 Libro